<?xml version="1.0" encoding="UTF-8"?>
<record
    xmlns:xsi="http://www.w3.org/2001/XMLSchema-instance"
    xsi:schemaLocation="http://www.loc.gov/MARC21/slim http://www.loc.gov/standards/marcxml/schema/MARC21slim.xsd"
    xmlns="http://www.loc.gov/MARC21/slim">

  <leader>01101    a2200217   4500</leader>
  <controlfield tag="005">20080922143126.0</controlfield>
  <controlfield tag="008">080922t        xxu||||| |||| 00| 0 hin d</controlfield>
  <datafield tag="010" ind1=" " ind2=" ">
    <subfield code="a">HIN-81220</subfield>
  </datafield>
  <datafield tag="020" ind1=" " ind2=" ">
    <subfield code="a">9788190565127</subfield>
    <subfield code="c">90.00</subfield>
  </datafield>
  <datafield tag="035" ind1=" " ind2=" ">
    <subfield code="a">HN-53566</subfield>
  </datafield>
  <datafield tag="037" ind1=" " ind2=" ">
    <subfield code="b">D.B.Act / Pub</subfield>
  </datafield>
  <datafield tag="082" ind1=" " ind2=" ">
    <subfield code="a">133.53</subfield>
  </datafield>
  <datafield tag="245" ind1=" " ind2=" ">
    <subfield code="a">&#x938;&#x930;&#x932; &#x91C;&#x94D;&#x92F;&#x94B;&#x924;&#x93F;&#x937; &#x91C;&#x94D;&#x91E;&#x93E;&#x928;</subfield>
    <subfield code="c">&#x938;&#x902;&#x92A;&#x93E;&#x926;&#x915; , &#x930;&#x93E;&#x91C;&#x947;&#x936; &#x907;&#x928;&#x94D;&#x926;&#x941;&#x916;&#x94D;&#x92F;&#x93E;</subfield>
  </datafield>
  <datafield tag="246" ind1=" " ind2=" ">
    <subfield code="a">Saral jyotish Gyan</subfield>
    <subfield code="b">Ed .By-Rajes Indurkhya</subfield>
  </datafield>
  <datafield tag="260" ind1=" " ind2=" ">
    <subfield code="a">&#x91C;&#x92C;&#x932;&#x92A;&#x941;&#x930;</subfield>
    <subfield code="b">&#x930;&#x93E;&#x91C;&#x947;&#x936; &#x92A;&#x941;&#x938;&#x94D;&#x924;&#x915; &#x92D;&#x923;&#x94D;&#x921;&#x93E;&#x930;</subfield>
    <subfield code="c">2007</subfield>
  </datafield>
  <datafield tag="270" ind1=" " ind2=" ">
    <subfield code="a">&#x92C;&#x902;. &#x928;&#x902;. 4/4-&#x938;, &#x924;&#x940;&#x938;&#x930;&#x93E; &#x930;&#x947;&#x932;&#x935;&#x947; &#x92A;&#x941;&#x932; &#x92E;&#x93E;&#x930;&#x94D;&#x917;,&#x915;&#x947;&#x928;&#x94D;&#x91F;&#x94B;&#x928;&#x92E;&#x947;&#x902;&#x91F;</subfield>
    <subfield code="b">&#x91C;&#x92C;&#x932;&#x92A;&#x941;&#x930;</subfield>
  </datafield>
  <datafield tag="300" ind1=" " ind2=" ">
    <subfield code="a">52&#x92A;&#x943;</subfield>
    <subfield code="c">23&#x938;&#x947;&#x92E;&#x940;(&#x938;&#x91C;&#x93F;&#x932;&#x94D;&#x926;)</subfield>
  </datafield>
  <datafield tag="700" ind1=" " ind2=" ">
    <subfield code="a">&#x907;&#x928;&#x94D;&#x926;&#x941;&#x930;&#x916;&#x94D;&#x92F;&#x93E;, &#x930;&#x93E;&#x91C;&#x947;&#x936;</subfield>
  </datafield>
  <datafield tag="942" ind1=" " ind2=" ">
    <subfield code="a">dpl</subfield>
    <subfield code="c">HN</subfield>
    <subfield code="k">133.53 /  &#x938;&#x930;&#x932;</subfield>
    <subfield code="2">ddc</subfield>
    <subfield code="h">133.53</subfield>
    <subfield code="m">&#x938;&#x930;&#x932;</subfield>
  </datafield>
  <datafield tag="999" ind1=" " ind2=" ">
    <subfield code="c">8091</subfield>
    <subfield code="d">8091</subfield>
  </datafield>
  <datafield tag="952" ind1=" " ind2=" ">
    <subfield code="0">0</subfield>
    <subfield code="1">0</subfield>
    <subfield code="2">ddc</subfield>
    <subfield code="4">0</subfield>
    <subfield code="7">0</subfield>
    <subfield code="a">DBAD</subfield>
    <subfield code="b">DBAD</subfield>
    <subfield code="d">2008-09-22</subfield>
    <subfield code="g">90.00</subfield>
    <subfield code="l">0</subfield>
    <subfield code="o">133.53 &#x938;&#x930;&#x932;</subfield>
    <subfield code="p">HN-53566</subfield>
    <subfield code="r">2008-09-15 00:00:00</subfield>
    <subfield code="t">1</subfield>
    <subfield code="u">8995</subfield>
    <subfield code="v">90.00</subfield>
    <subfield code="w">2008-09-15</subfield>
    <subfield code="y">HN</subfield>
  </datafield>
</record>
